Llwytho...
Aberration-Corrected Analytical Transmission Electron Microscopy /
| Awduron Eraill: | |
|---|---|
| Iaith: | Undetermined |
| Cyhoeddwyd: |
Wiley Online Library ,
2011.
|
| Pynciau: |
| LEADER | 00515nam a2200157Ia 4500 | ||
|---|---|---|---|
| 001 | 184112 | ||
| 008 | 170722s9999 xx 000 0 und d | ||
| 020 | |a 9781119978848 | ||
| 245 | |a Aberration-Corrected Analytical Transmission Electron Microscopy / | ||
| 260 | |b Wiley Online Library , |c 2011. | ||
| 653 | |a Analytical Chemistry | ||
| 653 | |a Microscopy | ||
| 700 | |a Brydson , Rik |e editor. | ||
| 942 | |c GEN | ||
| 999 | |c 158960 |d 158960 | ||
| 952 | |0 0 |1 0 |4 0 |7 0 |8 EB |9 222416 |a LIB |b LIB |d 2017-08-12 |h E-Books |p EB3 |r 2017-08-12 |w 2017-08-12 |y GEN | ||